<?xml version="1.0" encoding="UTF-8"?>
<record
    xmlns:xsi="http://www.w3.org/2001/XMLSchema-instance"
    xsi:schemaLocation="http://www.loc.gov/MARC21/slim http://www.loc.gov/standards/marcxml/schema/MARC21slim.xsd"
    xmlns="http://www.loc.gov/MARC21/slim">

  <leader>03010nam a2200325 a 4500</leader>
  <controlfield tag="001"> </controlfield>
  <controlfield tag="003">DO-SdBNP</controlfield>
  <controlfield tag="005">20221005124638.0</controlfield>
  <controlfield tag="008">100201s2003   ve   000 0 spa d</controlfield>
  <datafield tag="020" ind1=" " ind2=" ">
    <subfield code="a">9803172034</subfield>
  </datafield>
  <datafield tag="040" ind1=" " ind2=" ">
    <subfield code="a">DO-SdBNP</subfield>
    <subfield code="b">spa</subfield>
    <subfield code="c">BPMSU</subfield>
  </datafield>
  <datafield tag="082" ind1=" " ind2="4">
    <subfield code="a">364.98</subfield>
    <subfield code="b">E61c 2003</subfield>
    <subfield code="2">22</subfield>
  </datafield>
  <datafield tag="245" ind1="1" ind2="4">
    <subfield code="a">Entre el crimen y el castigo : </subfield>
    <subfield code="b">seguridad ciudadana y control democr&#xE1;tico en Am&#xE9;rica Latina y el Caribe / </subfield>
    <subfield code="c">editora Lilian Bobea </subfield>
  </datafield>
  <datafield tag="260" ind1=" " ind2=" ">
    <subfield code="a">Caracas, Venezuela :</subfield>
    <subfield code="b">FLACSO,Programa Rep&#xFA;blica Dominicana,</subfield>
    <subfield code="c">2003</subfield>
    <subfield code="b"> </subfield>
    <subfield code="b"> </subfield>
    <subfield code="b"> </subfield>
  </datafield>
  <datafield tag="300" ind1=" " ind2=" ">
    <subfield code="a">374 p. ;</subfield>
    <subfield code="c">23 cm.</subfield>
  </datafield>
  <datafield tag="500" ind1=" " ind2=" ">
    <subfield code="a">Incluye datos biogr&#xE1;ficos del autor en la solapa de la cubierta</subfield>
  </datafield>
  <datafield tag="504" ind1=" " ind2=" ">
    <subfield code="a">Incluye referencias bilbiogr&#xE1;ficas y notas al pie de las p&#xE1;ginas</subfield>
  </datafield>
  <datafield tag="504" ind1=" " ind2=" ">
    <subfield code="a">Incluye bibliograf&#xED;as</subfield>
  </datafield>
  <datafield tag="505" ind1="0" ind2=" ">
    <subfield code="a"> Perfil actual de la seguridad ciudadana e impacto en la gobernabilidad democr&#xE1;tica. Aportes desde Latinoam&#xE9;rica / Joseph Tulchin, Graig Fagan ; La seguridad ciudadana en Am&#xE9;rica Latina : marco te&#xF3;rico y conceptual / Jos&#xE9; Mar&#xED;a Rico ; De la violencia urbana a la convivencia ciudadana / Fernando Carri&#xF3;n ; Policiamiento comunitario en Argentina, Brasil y Chile : lecciones de una experiencia incipiente / Catalina Smulovitz ; Din&#xE1;micas de la violencia en Venezuela : tensiones y desaf&#xED;os para la consolidaci&#xF3;n de la democracia / Ana Mar&#xED;a Sanju&#xE1;n ; Desmilitarizar para democratizar : una aproximaci&#xF3;n al tema de la seguridad ciudadana en Guatemala / Alexander Sequ&#xE9;n-Monch&#xE9;z ; La criminalidad en Cuba / Guillermo C. Mil&#xE1;n Acosta ; Econom&#xED;a pol&#xED;tica de la inseguridad y desaf&#xED;os a las pol&#xED;ticas de seguridad ciudadana en la Rep&#xFA;blica Dominicana : cero tolerancia bajo la mirilla / Lilian Bobea ; Pol&#xED;ticas de otredad : criminales, miedos y promesas de orden en el Puerto Rico contempor&#xE1;neo / Alfredo Carrasquillo Ram&#xED;rez ; El sostenimiento de las reformas de la policia en Centroam&#xE9;rica : un an&#xE1;lisis comparativo de los desaf&#xED;os / Rachel Neild ; Marcos jur&#xED;dicos e institucionales de la seguridad ciudadana en la Rep&#xFA;blica Dominicana / F&#xE9;lix Dami&#xE1;n Olivares Grull&#xF3;n ; Inquisici&#xF3;n policial: inseguridad ofrecida por el Estado al ciudadano brasile&#xF1;o / Jorge Zaverucha ; Las sanciones sustitutivas y el&#xC7;ontrol social. Una mirada desde el entorno cubano / Arlin P&#xE9;rez Duharte ; Sujetos en riesgo: un acercamiento al mundo de la juventud urbana marginada involucrada en problemas delictivos en Santo Domingo / Fabio Abreu ; Factores coadyuvantes a las reformas al sistema criminal en Am&#xE9;rica Latina y el Caribe / Lilian Bobea.</subfield>
  </datafield>
  <datafield tag="590" ind1=" " ind2=" ">
    <subfield code="6">Inventariado, 2022/VM</subfield>
  </datafield>
  <datafield tag="650" ind1=" " ind2="4">
    <subfield code="a">Prevenci&#xF3;n del delito</subfield>
    <subfield code="z">  Am&#xE9;rica Latina.</subfield>
    <subfield code="v"> </subfield>
  </datafield>
  <datafield tag="650" ind1=" " ind2="4">
    <subfield code="a">Prevenci&#xF3;n del delito </subfield>
    <subfield code="z">Caribe (Regi&#xF3;n)</subfield>
    <subfield code="v"> . </subfield>
  </datafield>
  <datafield tag="650" ind1=" " ind2="4">
    <subfield code="a">Polic&#xED;a</subfield>
    <subfield code="z">Caribe (Regi&#xF3;n)</subfield>
  </datafield>
  <datafield tag="650" ind1=" " ind2="4">
    <subfield code="a">Delitos contra la seguridad p&#xFA;blica</subfield>
    <subfield code="z">Caribe (Regi&#xF3;n)</subfield>
  </datafield>
  <datafield tag="650" ind1=" " ind2="4">
    <subfield code="a">Violencia</subfield>
    <subfield code="x">Prevenci&#xF3;n</subfield>
    <subfield code="z">Caribe (Regi&#xF3;n)</subfield>
  </datafield>
  <datafield tag="700" ind1="1" ind2=" ">
    <subfield code="a">Gonz&#xE1;lez Ruiz, Carlos,</subfield>
    <subfield code="e">ed.</subfield>
  </datafield>
  <datafield tag="710" ind1="2" ind2=" ">
    <subfield code="a">FLACSO Programa (Rep&#xFA;blica Dominicana)</subfield>
  </datafield>
  <datafield tag="910" ind1=" " ind2=" ">
    <subfield code="a">VMateo V. /Validado</subfield>
  </datafield>
  <datafield tag="942" ind1=" " ind2=" ">
    <subfield code="2">ddc</subfield>
    <subfield code="c">BK</subfield>
  </datafield>
  <datafield tag="952" ind1=" " ind2=" ">
    <subfield code="0">0</subfield>
    <subfield code="1">0</subfield>
    <subfield code="2">ddc</subfield>
    <subfield code="4">0</subfield>
    <subfield code="7">0</subfield>
    <subfield code="a">BPMET</subfield>
    <subfield code="b">BPMET</subfield>
    <subfield code="d">2022-10-05</subfield>
    <subfield code="l">0</subfield>
    <subfield code="o">BPMSU CD 364.98 E61c 2003</subfield>
    <subfield code="p">BPMSU22100021</subfield>
    <subfield code="r">2022-10-05</subfield>
    <subfield code="w">2022-10-05</subfield>
    <subfield code="y">BK</subfield>
  </datafield>
  <datafield tag="952" ind1=" " ind2=" ">
    <subfield code="0">0</subfield>
    <subfield code="1">0</subfield>
    <subfield code="2">ddc</subfield>
    <subfield code="4">0</subfield>
    <subfield code="7">0</subfield>
    <subfield code="a">BPMET</subfield>
    <subfield code="b">BPMET</subfield>
    <subfield code="d">2022-10-05</subfield>
    <subfield code="l">0</subfield>
    <subfield code="o">BPMSU CD 364.98 E61c 2003</subfield>
    <subfield code="p">BPMSU22100022</subfield>
    <subfield code="r">2022-10-05</subfield>
    <subfield code="t">e.2</subfield>
    <subfield code="w">2022-10-05</subfield>
    <subfield code="y">BK</subfield>
  </datafield>
  <datafield tag="952" ind1=" " ind2=" ">
    <subfield code="0">0</subfield>
    <subfield code="1">0</subfield>
    <subfield code="2">ddc</subfield>
    <subfield code="4">0</subfield>
    <subfield code="7">0</subfield>
    <subfield code="a">BPMET</subfield>
    <subfield code="b">BPMET</subfield>
    <subfield code="d">2022-10-05</subfield>
    <subfield code="o">BPMSU CD 364.98 E61c 2003</subfield>
    <subfield code="p">BPMSU22100023</subfield>
    <subfield code="r">2022-10-05</subfield>
    <subfield code="t">e.3</subfield>
    <subfield code="w">2022-10-05</subfield>
    <subfield code="y">BK</subfield>
  </datafield>
  <datafield tag="999" ind1=" " ind2=" ">
    <subfield code="c">14297</subfield>
    <subfield code="d">14297</subfield>
  </datafield>
</record>
